[Event "Frankfurt Ch 2005"]
[Site "Ffm-Kalbach, LAZ"]
[Date "2005.05.09"]
[Round "3"]
[White "Schlamp, Robert"]
[Black "Noble, Alexander"]
[Result "1-0"]
[WhiteElo "2290"]
[BlackElo "1972"]
[PlyCount "51"]
[EventDate "2005.??.??"]

1. c4 Nf6 2. Nc3 c6 3. e4 d6 4. d4 Qa5 5. Bd3 e5 6. Nge2 Be7 7. O-O O-O 8. a3
Nh5 9. b4 Qc7 10. f4 f5 11. exf5 Bxf5 12. Bxf5 Rxf5 13. g4 Rxf4 14. Nxf4 Nxf4
15. Bxf4 exf4 16. Qe2 g5 17. Qe6+ Kg7 18. Rae1 Bf6 19. Ne4 Bxd4+ 20. Kh1 Be5
21. Nxg5 Qd7 22. c5 h6 23. cxd6 Bxd6 24. Rd1 hxg5 25. Rxd6 Qxe6 26. Rxe6 1-0

[Event "Frankfurt Ch 2005"]
[Site "Ffm-Kalbach, LAZ"]
[Date "2005.05.09"]
[Round "3"]
[White "Bischoff, Ulrich"]
[Black "Reschke, Stefan"]
[Result "0-1"]
[WhiteElo "1971"]
[BlackElo "2285"]
[PlyCount "88"]
[EventDate "2005.??.??"]

1. e4 c6 2. d4 g6 3. Nc3 d5 4. exd5 cxd5 5. Nf3 Nf6 6. Bb5+ Bd7 7. Qe2 Bg7 8.
O-O O-O 9. Bg5 a6 10. Bxd7 Nbxd7 11. Rfe1 e6 12. a4 Qb6 13. Qd3 Rfc8 14. Ra3
Rc4 15. a5 Qa7 16. Ra4 Rxa4 17. Nxa4 Ne4 18. Be3 Rc8 19. b3 Qb8 20. Nd2 Nef6
21. Nf3 Qc7 22. Qd2 Ne4 23. Qb4 Bf8 24. Nc5 Ndxc5 25. dxc5 Bxc5 26. Bxc5 Qxc5
27. Qxc5 Rxc5 28. c4 Rxa5 29. Ne5 Nf6 30. g4 dxc4 31. bxc4 h5 32. h3 hxg4 33.
hxg4 Rc5 34. g5 Nh5 35. Kg2 b5 36. cxb5 Rxb5 37. Kf3 a5 38. Re4 Kg7 39. Ke3 a4
40. f4 Ra5 41. Kf3 a3 42. Re1 a2 43. Ra1 Ra3+ 44. Kg4 Ra4 0-1

[Event "Frankfurt Ch 2005"]
[Site "Ffm-Kalbach, LAZ"]
[Date "2005.05.09"]
[Round "3"]
[White "Ortmann, David"]
[Black "Henzner, Reiner"]
[Result "1/2-1/2"]
[WhiteElo "2279"]
[BlackElo "1976"]
[PlyCount "97"]
[EventDate "2005.??.??"]

1. Nf3 Nf6 2. c4 e6 3. g3 b6 4. Bg2 Bb7 5. O-O Be7 6. Nc3 O-O 7. Re1 d5 8. cxd5
Nxd5 9. e4 Nxc3 10. bxc3 c5 11. d4 cxd4 12. cxd4 Bb4 13. Re3 Nc6 14. h4 Rc8 15.
h5 h6 16. Rb1 Be7 17. Bb2 Na5 18. Ba1 Rc4 19. Ne5 Rb4 20. Rc1 b5 21. Qe2 a6 22.
d5 Nc4 23. Nxc4 bxc4 24. dxe6 Bc5 25. Qg4 Qg5 26. Qxg5 hxg5 27. exf7+ Rxf7 28.
Rf3 Rd7 29. Rf5 Rb5 30. Bc3 Kh7 31. a4 Ba3 32. axb5 Bxc1 33. bxa6 Bxa6 34. Rd5
Re7 35. Rd6 Bb5 36. e5 Ba3 37. Be4+ Kg8 38. Rd8+ Re8 39. Rxe8+ Bxe8 40. Bd5+
Bf7 41. e6 Bxh5 42. g4 Be8 43. Bxc4 Bc6 44. Bd2 Be7 45. Kf1 Kf8 46. Ke2 Bf6 47.
Ke3 Be5 48. Bb4+ Ke8 49. Bd3 1/2-1/2

[Event "Frankfurt Ch 2005"]
[Site "Ffm-Kalbach, LAZ"]
[Date "2005.05.09"]
[Round "3"]
[White "Wolf, Udo"]
[Black "Solonar, Stefan"]
[Result "0-1"]
[WhiteElo "1963"]
[BlackElo "2257"]
[PlyCount "70"]
[EventDate "2005.??.??"]

1. e4 c5 2. Nf3 e6 3. d4 cxd4 4. Nxd4 a6 5. Bd3 b5 6. O-O Bb7 7. a4 b4 8. c3
Qc7 9. Bd2 Nf6 10. Re1 Bd6 11. h3 bxc3 12. Nxc3 Nc6 13. Nxc6 dxc6 14. Qe2 Be5
15. Nd1 O-O 16. Rc1 Rfd8 17. Rc2 Rd4 18. b3 Nh5 19. Rc4 Rd7 20. Bc2 Rad8 21.
Bg5 Nf6 22. Ne3 h6 23. Bxf6 Bxf6 24. Ng4 Bg5 25. e5 Rd4 26. Nh2 c5 27. Rxd4
cxd4 28. Qd3 Qc3 29. Qh7+ Kf8 30. Rd1 g6 31. Bxg6 fxg6 32. Qxg6 Qc6 33. Nf3 Rd7
34. b4 Qxa4 35. Rxd4 Rxd4 0-1

[Event "Frankfurt Ch 2005"]
[Site "Ffm-Kalbach, LAZ"]
[Date "2005.05.09"]
[Round "3"]
[White "Malek, Daniel"]
[Black "Cors, Heinz-Friedrich"]
[Result "1-0"]
[WhiteElo "2254"]
[BlackElo "1970"]
[PlyCount "49"]
[EventDate "2005.??.??"]

1. c4 Nf6 2. Nc3 e6 3. e4 d5 4. e5 d4 5. exf6 dxc3 6. bxc3 Qxf6 7. Nf3 c5 8. d4
h6 9. Bd3 Nc6 10. O-O Bd6 11. Be3 O-O 12. Rb1 Re8 13. Be4 Qe7 14. Qa4 Qc7 15.
dxc5 Bf8 16. Ne5 f5 17. Bxc6 bxc6 18. Qxc6 Qxc6 19. Nxc6 e5 20. f3 f4 21. Bf2
Bf5 22. Rbd1 e4 23. fxe4 Bxe4 24. Nb4 Rab8 25. Rfe1 1-0

[Event "Frankfurt Ch 2005"]
[Site "Ffm-Kalbach, LAZ"]
[Date "2005.05.09"]
[Round "3"]
[White "Wendel, Stephan"]
[Black "Rosselli, Marten"]
[Result "1/2-1/2"]
[WhiteElo "2153"]
[BlackElo "1933"]
[PlyCount "84"]
[EventDate "2005.??.??"]

1. e4 c5 2. Nf3 d6 3. d4 cxd4 4. Nxd4 Nf6 5. Nc3 a6 6. f3 e5 7. Nb3 Be6 8. Be3
Nbd7 9. g4 Nb6 10. g5 Nfd7 11. Qd2 Be7 12. O-O-O Rc8 13. Kb1 Nc4 14. Bxc4 Bxc4
15. h4 Qc7 16. Rh2 b5 17. Nd5 Bxd5 18. exd5 f5 19. gxf6 Bxf6 20. Qd3 O-O 21.
Nd2 Nb6 22. Ne4 Nc4 23. Bc1 Rf7 24. b3 Nb6 25. Rdh1 Nd7 26. Ng5 Bxg5 27. hxg5
Nf8 28. g6 Rf6 29. gxh7+ Kh8 30. Bg5 Rf7 31. Kb2 Nd7 32. Rh3 Nc5 33. Qe2 b4 34.
Be3 a5 35. Rh4 Qb7 36. Rd1 a4 37. Rc4 Rfc7 38. Kb1 axb3 39. cxb3 Qa6 40. Qd2
Nxb3 41. axb3 Rxc4 42. bxc4 Ra8 1/2-1/2

[Event "Frankfurt Ch 2005"]
[Site "Ffm-Kalbach, LAZ"]
[Date "2005.05.09"]
[Round "3"]
[White "Schwenkreis, Thomas"]
[Black "Mustafa, Wail"]
[Result "1-0"]
[WhiteElo "2109"]
[BlackElo "1924"]
[PlyCount "69"]
[EventDate "2005.??.??"]

1. Nf3 d5 2. b3 c5 3. e3 Nf6 4. Bb2 Bg4 5. h3 Bxf3 6. Qxf3 a6 7. c4 e6 8. Bxf6
Qxf6 9. Qxf6 gxf6 10. cxd5 exd5 11. Nc3 d4 12. Nd5 Bd6 13. Nb6 Nd7 14. Nxa8 Ke7
15. Bd3 Rxa8 16. Bxh7 dxe3 17. fxe3 b6 18. Ke2 Be5 19. Rac1 Rh8 20. Bf5 Nb8 21.
Be4 a5 22. h4 Rg8 23. Rcg1 Na6 24. h5 Nc7 25. h6 Ne6 26. Bf5 Ng5 27. Rd1 Kd6
28. h7 Rh8 29. d4 cxd4 30. exd4 Bxd4 31. g4 Kc5 32. Rc1+ Kd5 33. Rc8 Rxc8 34.
Bxc8 f5 35. Bxf5 1-0

[Event "Frankfurt Ch 2005"]
[Site "Ffm-Kalbach, LAZ"]
[Date "2005.05.09"]
[Round "3"]
[White "Kabir, Razaul"]
[Black "Yilmaz, Ahmet"]
[Result "0-1"]
[WhiteElo "2012"]
[BlackElo "1916"]
[PlyCount "84"]
[EventDate "2005.??.??"]

1. e4 e5 2. Nf3 Nc6 3. Bb5 a6 4. Ba4 Nf6 5. O-O Be7 6. Re1 b5 7. Bb3 d6 8. h3
O-O 9. c3 Na5 10. Bc2 c5 11. d4 Qc7 12. Nbd2 cxd4 13. cxd4 Nc6 14. Nb3 a5 15.
Be3 a4 16. Nbd2 Nb4 17. Bb1 Bd7 18. a3 Nc6 19. Bd3 Qb8 20. Nf1 b4 21. Ng3 Rc8
22. Qe2 g6 23. d5 Na5 24. Nh2 Nb3 25. Rab1 Nc5 26. Bxc5 Rxc5 27. Ng4 Nxg4 28.
hxg4 bxa3 29. bxa3 Qc8 30. Nf5 gxf5 31. gxf5 Bg5 32. Qg4 f6 33. g3 Be8 34. f4
h5 35. Qf3 Bh6 36. Kh1 Rb8 37. Rbd1 Rb3 38. Rg1 Rcc3 39. g4 exf4 40. gxh5+ Kh7
41. Qg4 Bf7 42. Bf1 Rxa3 0-1

[Event "Frankfurt Ch 2005"]
[Site "Ffm-Kalbach, LAZ"]
[Date "2005.05.09"]
[Round "3"]
[White "Minor, Samuel"]
[Black "Escher, Helmut"]
[Result "1/2-1/2"]
[WhiteElo "1948"]
[BlackElo "2012"]
[PlyCount "106"]
[EventDate "2005.??.??"]

1. e4 d5 2. exd5 Qxd5 3. Nc3 Qa5 4. d4 c6 5. Bc4 Nf6 6. Bd2 Qc7 7. Qe2 Bf5 8.
Nf3 e6 9. Ne5 Nbd7 10. Nxd7 Qxd7 11. d5 Be7 12. dxe6 Bxe6 13. Bxe6 Qxe6 14.
Qxe6 fxe6 15. O-O-O Kf7 16. Rde1 Rad8 17. Re2 Rhe8 18. Rhe1 Bb4 19. a3 Bxc3 20.
Bxc3 Rd5 21. Be5 b5 22. f3 h6 23. b3 a5 24. Bc3 a4 25. bxa4 bxa4 26. Bxf6 gxf6
27. Re4 Rg5 28. R1e2 Ra5 29. Rc4 c5 30. Ree4 Rea8 31. Rh4 e5 32. Rxh6 Ke6 33.
f4 Rg8 34. fxe5 Kd5 35. Rhh4 fxe5 36. g3 Rf8 37. Rxa4 Rxa4 38. Rxa4 Rf2 39. h4
c4 40. Ra8 Kd4 41. Re8 Rg2 42. Kb2 Rxg3 43. a4 Rh3 44. a5 Rxh4 45. a6 Rh7 46.
Ra8 e4 47. a7 Ke3 48. Kc3 Rc7 49. Kb4 c3 50. Kb3 Ke2 51. Re8 Rxa7 52. Rxe4+ Kd2
53. Rd4+ Kc1 1/2-1/2

[Event "Frankfurt Ch 2005"]
[Site "Ffm-Kalbach, LAZ"]
[Date "2005.05.09"]
[Round "3"]
[White "Behnick, Eckhard"]
[Black "Kind, Veronika"]
[Result "1/2-1/2"]
[WhiteElo "2009"]
[BlackElo "1803"]
[PlyCount "103"]
[EventDate "2005.??.??"]

1. Nf3 Nf6 2. e3 g6 3. d4 Bg7 4. Bc4 O-O 5. O-O d5 6. Be2 c5 7. Nbd2 c4 8. c3
Bg4 9. b3 cxb3 10. axb3 Nc6 11. Ba3 Re8 12. b4 a6 13. b5 Nb8 14. Ne5 Bxe2 15.
Qxe2 a5 16. c4 dxc4 17. Qxc4 e6 18. Qb3 Nbd7 19. Ndc4 Nb6 20. Bc5 Nxc4 21. Nxc4
Nd5 22. b6 Bf8 23. Rxa5 Rxa5 24. Nxa5 Qd7 25. Bxf8 Rxf8 26. Rc1 Ra8 27. Nc4 Qc6
28. Rb1 Rc8 29. Na5 Qc1+ 30. Qd1 Qxd1+ 31. Rxd1 Nxb6 32. Nxb7 Rc2 33. g3 Nc4
34. Nc5 Nd6 35. Kg2 Nf5 36. Kf3 Kg7 37. Ne4 h6 38. Rd2 Rc6 39. Rb2 Rc7 40. Nc5
Kf6 41. Rb7 Rxb7 42. Nxb7 Ke7 43. Ke4 Kf6 44. Kd3 Ne7 45. e4 g5 46. f3 Ng6 47.
Kc4 Ke7 48. Kc5 Kd7 49. e5 h5 50. Nd6 Ke7 51. Ne4 g4 52. fxg4 1/2-1/2

[Event "Frankfurt Ch 2005"]
[Site "Ffm-Kalbach, LAZ"]
[Date "2005.05.09"]
[Round "3"]
[White "Völker, Sebastian"]
[Black "Bittner, Peter"]
[Result "1-0"]
[WhiteElo "1989"]
[BlackElo "1700"]
[PlyCount "97"]
[EventDate "2005.??.??"]

1. e4 e5 2. Nf3 Nc6 3. Bc4 d6 4. O-O Nf6 5. Ng5 d5 6. exd5 Na5 7. Bb5+ Bd7 8.
Bxd7+ Qxd7 9. d4 Qxd5 10. dxe5 Qxd1 11. Rxd1 Ng4 12. e6 fxe6 13. h3 Nf6 14.
Nxe6 Kf7 15. Nxc7 Rc8 16. Bf4 Bc5 17. Nc3 a6 18. N7d5 Nc4 19. Nxf6 Kxf6 20. Rd5
Rhe8 21. Na4 Ba7 22. Bg5+ Kg6 23. b3 h6 24. Bh4 Re4 25. Bg3 Na3 26. c4 Rf8 27.
Nc3 Re6 28. Rd2 Bc5 29. Nd5 Kh7 30. Rc1 Rc8 31. b4 Ba7 32. c5 Nb5 33. a4 Nd6
34. Nf4 Rf6 35. Nh5 Rf5 36. Nxg7 Kxg7 37. Rxd6 Rf7 38. Rcd1 a5 39. Be5+ Kh7 40.
Rd7 Kg8 41. Rd8+ Rxd8 42. Rxd8+ Kh7 43. Ra8 b6 44. Rxa7 Rxa7 45. cxb6 Re7 46.
bxa5 Rxe5 47. a6 Ra5 48. b7 Rxa4 49. b8=Q 1-0

[Event "Frankfurt Ch 2005"]
[Site "Ffm-Kalbach, LAZ"]
[Date "2005.05.09"]
[Round "3"]
[White "Ganjian, Mehrdad"]
[Black "Lisanti, Marco"]
[Result "0-1"]
[WhiteElo "1808"]
[BlackElo "1988"]
[PlyCount "90"]
[EventDate "2005.??.??"]

1. c4 g6 2. d4 Nf6 3. Nc3 c5 4. d5 Bg7 5. e4 d6 6. Bd3 Na6 7. a3 Nc7 8. Rb1 a6
9. Nge2 Bd7 10. O-O b5 11. b3 O-O 12. Qc2 Ng4 13. f4 b4 14. axb4 cxb4 15. Nd1
a5 16. h3 Nh6 17. Bb2 Na6 18. Bxg7 Kxg7 19. Qb2+ Kg8 20. f5 Nc5 21. Qd2 Kg7 22.
Bc2 f6 23. Nd4 Nf7 24. Nf2 Qb6 25. Kh1 g5 26. h4 Ne5 27. hxg5 Ncd3 28. Nf3
Nxf2+ 29. Rxf2 Ng4 30. Re2 h5 31. Nh4 Be8 32. Rf1 a4 33. Rf4 axb3 34. Rxg4 hxg4
35. Bxb3 g3 36. Qe1 fxg5 37. Qxg3 Ra1+ 38. Re1 Rxe1+ 39. Qxe1 Rh8 40. g3 Qd4
41. Qc1 Qxe4+ 42. Kh2 gxh4 43. Qg5+ Kf8 44. g4 Qe2+ 45. Kg1 h3 0-1

[Event "Frankfurt Ch 2005"]
[Site "Ffm-Kalbach, LAZ"]
[Date "2005.05.09"]
[Round "3"]
[White "Benninger, Rudolf"]
[Black "Petersen, Gerd"]
[Result "1-0"]
[WhiteElo "1985"]
[BlackElo "1537"]
[PlyCount "53"]
[EventDate "2005.??.??"]

1. e4 e5 2. Nf3 Nc6 3. Nc3 Nf6 4. d4 exd4 5. Nd5 Nxd5 6. exd5 Bb4+ 7. Bd2 Bxd2+
8. Qxd2 Qe7+ 9. Be2 Nb4 10. Nxd4 Qc5 11. c4 Qxd4 12. Qxb4 d6 13. Qb5+ Kd8 14.
O-O Re8 15. Bf3 a6 16. Qb3 Rb8 17. Rad1 Qc5 18. Qc3 Re5 19. b4 Qa7 20. Rfe1 f6
21. Rxe5 fxe5 22. Qc2 g6 23. Qe4 Bf5 24. Qh4+ Kc8 25. c5 e4 26. Qe7 Bd7 27.
Qf8+ 1-0

[Event "Frankfurt Ch 2005"]
[Site "Ffm-Kalbach, LAZ"]
[Date "2005.05.09"]
[Round "3"]
[White "Orwatsch, Gerhard"]
[Black "Röschlau, Bernd"]
[Result "0-1"]
[WhiteElo "1930"]
[BlackElo "2190"]
[PlyCount "80"]
[EventDate "2005.??.??"]

1. d4 Nf6 2. Nf3 g6 3. Bf4 Bg7 4. e3 O-O 5. h3 c5 6. c3 b6 7. Nbd2 d6 8. Be2
Ba6 9. Bxa6 Nxa6 10. O-O Qd7 11. Qe2 Nc7 12. e4 cxd4 13. cxd4 Qb5 14. Qxb5 Nxb5
15. d5 Nc7 16. Rac1 Na6 17. Be3 Nc5 18. Bxc5 bxc5 19. b3 a5 20. a4 Rfb8 21. Rc4
Bh6 22. Re1 Rb7 23. Re2 Nd7 24. g3 Re8 25. Rc3 Nb6 26. Nc4 Nxc4 27. bxc4 Reb8
28. e5 Rb2 29. Rcc2 Rxc2 30. Rxc2 Rb4 31. exd6 exd6 32. g4 Bf4 33. Nh4 Rxa4 34.
Kf1 Ra1+ 35. Ke2 a4 36. Ng2 Be5 37. f4 Rg1 38. Kf3 Bd4 39. Ra2 Rf1+ 40. Kg3 Ra1
0-1

[Event "Frankfurt Ch 2005"]
[Site "Ffm-Kalbach, LAZ"]
[Date "2005.05.09"]
[Round "3"]
[White "Schlesinger, Omri"]
[Black "Hierling, Stefan"]
[Result "1-0"]
[WhiteElo "2116"]
[BlackElo "1869"]
[PlyCount "49"]
[EventDate "2005.??.??"]

1. Nf3 Nf6 2. c4 Nc6 3. d4 d5 4. cxd5 Nxd5 5. e4 Nf6 6. d5 Nb8 7. Nc3 c6 8. Bf4
cxd5 9. exd5 a6 10. Qa4+ Bd7 11. Qb3 b5 12. Rd1 g6 13. Be2 Nh5 14. Be5 Bg7 15.
O-O O-O 16. a4 bxa4 17. Qb7 Bb5 18. Bxg7 Nxg7 19. Qxa8 Bxe2 20. Nxe2 Qb6 21.
Rc1 Nf5 22. d6 Nxd6 23. Qd5 Qxb2 24. Qd2 Qb5 25. Nc3 1-0

[Event "Frankfurt Ch 2005"]
[Site "Ffm-Kalbach, LAZ"]
[Date "2005.05.09"]
[Round "3"]
[White "Uwira, Oliver"]
[Black "Genis, Roy"]
[Result "1-0"]
[WhiteElo "2112"]
[BlackElo "1697"]
[PlyCount "55"]
[EventDate "2005.??.??"]

1. d4 d5 2. c4 c6 3. Nf3 Nf6 4. Nc3 e6 5. e3 Nbd7 6. Qc2 Bd6 7. g4 Nxg4 8. Rg1
Nxh2 9. Nxh2 Bxh2 10. Rxg7 h5 11. e4 e5 12. exd5 exd4 13. Bg5 Qc7 14. f4 Bg3+
15. Kd1 dxc3 16. Qe4+ Kf8 17. Rxf7+ Kxf7 18. Qe7+ Kg8 19. Bh3 Nc5 20. Qxc7 Bxh3
21. Qd6 Bg4+ 22. Kc1 Re8 23. bxc3 Re1+ 24. Kb2 Na4+ 25. Ka3 Rxa1 26. Qd8+ Kf7
27. Qe7+ Kg8 28. Bf6 1-0

[Event "Frankfurt Ch 2005"]
[Site "Ffm-Kalbach, LAZ"]
[Date "2005.05.09"]
[Round "3"]
[White "Kaliski, Erwin"]
[Black "Bitzer, Andre"]
[Result "1-0"]
[WhiteElo "2037"]
[BlackElo "1624"]
[PlyCount "39"]
[EventDate "2005.??.??"]

1. e4 c6 2. d4 d5 3. Nd2 dxe4 4. Nxe4 Nf6 5. Ng3 Qc7 6. Nf3 Bg4 7. h3 Bxf3 8.
Qxf3 e6 9. Bg5 Nbd7 10. O-O-O Qa5 11. Bxf6 gxf6 12. Kb1 f5 13. Bc4 Nf6 14. Qe3
Qb4 15. Qe5 Qxc4 16. Qxf6 Rg8 17. Nxf5 exf5 18. Rhe1+ Kd7 19. d5 Rg7 20. dxc6+
1-0

[Event "Frankfurt Ch 2005"]
[Site "Ffm-Kalbach, LAZ"]
[Date "2005.05.09"]
[Round "3"]
[White "Gramlich, Sebastian"]
[Black "Brücken, Siegfried"]
[Result "1-0"]
[WhiteElo "1994"]
[BlackElo "1576"]
[PlyCount "69"]
[EventDate "2005.??.??"]

1. d4 d5 2. e4 dxe4 3. Nc3 Nf6 4. f3 exf3 5. Nxf3 Bg4 6. h3 Bxf3 7. Qxf3 c6 8.
Be3 e6 9. Bd3 Qc7 10. O-O-O Nbd7 11. g4 h6 12. h4 Bb4 13. g5 Bxc3 14. gxf6
Bxb2+ 15. Kxb2 Nxf6 16. Rb1 O-O-O 17. Ka1 Nd5 18. Bd2 Qe7 19. Rhf1 Rdf8 20. c4
Nf6 21. Bb4 Qd7 22. Qf4 Rd8 23. d5 Ne8 24. Ba5 b6 25. c5 b5 26. d6 Nf6 27. Bxd8
Rxd8 28. Be4 Rf8 29. Qf3 Nd5 30. Bxd5 exd5 31. Rbe1 Re8 32. Qa3 Kb8 33. Rxe8+
Qxe8 34. Qg3 g5 35. d7+ 1-0

[Event "Frankfurt Ch 2005"]
[Site "Ffm-Kalbach, LAZ"]
[Date "2005.05.09"]
[Round "3"]
[White "Lehner, Thorsten"]
[Black "Syed, Tareq"]
[Result "1/2-1/2"]
[WhiteElo "1874"]
[BlackElo "1944"]
[PlyCount "27"]
[EventDate "2005.??.??"]

1. e4 d6 2. d4 Nf6 3. Nc3 e5 4. Nf3 Nbd7 5. Bc4 h6 6. O-O Be7 7. Re1 c6 8. a4
Qc7 9. h3 g5 10. Be3 Rg8 11. Qe2 Nf8 12. Rad1 Ng6 13. dxe5 dxe5 14. Rd3 1/2-1/2

[Event "Frankfurt Ch 2005"]
[Site "Ffm-Kalbach, LAZ"]
[Date "2005.05.09"]
[Round "3"]
[White "Brüggemann, Ludger"]
[Black "Makilla, Tobias"]
[Result "1-0"]
[WhiteElo "2187"]
[BlackElo "1466"]
[PlyCount "59"]
[EventDate "2005.??.??"]

1. e4 e5 2. f4 exf4 3. Nf3 g5 4. h4 g4 5. Ne5 Nf6 6. d4 d6 7. Nd3 Nxe4 8. Bxf4
Qe7 9. Qe2 Nc6 10. c3 Bf5 11. Nd2 O-O-O 12. O-O-O Re8 13. Nxe4 Qxe4 14. Qxe4
Bxe4 15. Nf2 Bf5 16. Bc4 f6 17. Rde1 Rxe1+ 18. Rxe1 Kd7 19. h5 Na5 20. Bb5+ c6
21. Be2 b6 22. Nxg4 Be7 23. Nh6 Be6 24. b3 f5 25. Bd3 Rf8 26. Re3 Bf6 27. Nxf5
Bxd4 28. Nxd4 Rxf4 29. Nxe6 Rh4 30. Ng7 1-0

[Event "Frankfurt Ch 2005"]
[Site "Ffm-Kalbach, LAZ"]
[Date "2005.05.09"]
[Round "3"]
[White "Schiffer, Steve"]
[Black "Kolko, Robert"]
[Result "1-0"]
[WhiteElo "2054"]
[BlackElo "1767"]
[PlyCount "57"]
[EventDate "2005.??.??"]

1. e4 c6 2. d4 d5 3. Nc3 dxe4 4. Nxe4 Nf6 5. Ng3 Qc7 6. Nf3 Bg4 7. Bd3 e6 8. h3
Bxf3 9. Qxf3 Nbd7 10. O-O Be7 11. Re1 O-O-O 12. Nf5 Bf8 13. Ne3 Nb6 14. c3 h6
15. a4 Nbd5 16. Nc2 Be7 17. Bd2 g5 18. g3 g4 19. hxg4 Rdg8 20. a5 Qd7 21. c4
Nc7 22. Bc3 Nce8 23. d5 cxd5 24. cxd5 Rxg4 25. dxe6 fxe6 26. Rxe6 Bc5 27. Bf5
Rxg3+ 28. Qxg3 Rg8 29. Rxe8+ 1-0

[Event "Frankfurt Ch 2005"]
[Site "Ffm-Kalbach, LAZ"]
[Date "2005.05.09"]
[Round "3"]
[White "Kinski, Sven"]
[Black "Blum, Ralph"]
[Result "1-0"]
[WhiteElo "1765"]
[BlackElo "2013"]
[PlyCount "123"]
[EventDate "2005.??.??"]

1. e4 e6 2. f4 d5 3. e5 c5 4. Nf3 Nc6 5. d3 Nh6 6. g3 Be7 7. Bg2 Nf5 8. O-O h5
9. c3 Bd7 10. Na3 Qb6 11. Nc2 O-O-O 12. Qe2 h4 13. g4 h3 14. Bh1 Nh4 15. Ne3 f6
16. Nc2 Kb8 17. Rb1 Nxf3+ 18. Rxf3 g5 19. exf6 Bxf6 20. fxg5 Bxc3 21. Be3 Be5
22. Bf4 Bxf4 23. Rxf4 c4+ 24. Rf2 cxd3 25. Qxd3 Rdf8 26. Qg3+ Kc8 27. Ne3 Rxf2
28. Qxf2 Qc5 29. Rf1 d4 30. Qf6 Rg8 31. Bxc6 bxc6 32. Nd1 Rxg5 33. Qh8+ Kc7 34.
Qxh3 e5 35. Nf2 d3 36. Kh1 Qd5+ 37. Kg1 e4 38. Qe3 Bxg4 39. Qf4+ Qe5 40. Qxe5+
Rxe5 41. Nxg4 Rg5 42. h3 e3 43. Rf7+ Kd6 44. Kf1 e2+ 45. Kf2 Rd5 46. Ne3 Rg5
47. Rg7 Rc5 48. Rg1 Rh5 49. h4 Rh8 50. Ke1 Ke5 51. Kd2 Kf4 52. Kxd3 Kf3 53. Nc2
Rd8+ 54. Kc3 Kf2 55. Rg6 Rd1 56. Re6 Rh1 57. Re4 Rc1 58. h5 Kf3 59. Re5 c5 60.
h6 Rh1 61. Re6 Rh3 62. Re3+ 1-0

[Event "Frankfurt Ch 2005"]
[Site "Ffm-Kalbach, LAZ"]
[Date "2005.05.09"]
[Round "3"]
[White "Ickert, Bernd"]
[Black "Rubel, Julian"]
[Result "0-1"]
[WhiteElo "1755"]
[BlackElo "1981"]
[PlyCount "64"]
[EventDate "2005.??.??"]

1. e4 c5 2. Nf3 e6 3. d4 cxd4 4. Nxd4 a6 5. c4 Nf6 6. Nc3 Qc7 7. Be2 d6 8. O-O
Nbd7 9. Be3 b6 10. f4 Bb7 11. Bf3 Rc8 12. Rc1 Nc5 13. Qc2 g6 14. b4 Ncd7 15.
Qb1 Qb8 16. Qb3 Be7 17. f5 e5 18. Nde2 gxf5 19. exf5 e4 20. Bxe4 Nxe4 21. Nf4
Nxc3 22. Qxc3 Rg8 23. Rfe1 Ne5 24. Qb3 Ba8 25. Bd4 Bf6 26. Rc2 Kf8 27. Kf1 Rg4
28. Rf2 Bh4 29. g3 Nxc4 30. Ne6+ Kg8 31. Nd8 Rxd8 32. Qxc4 Qb7 0-1

[Event "Frankfurt Ch 2005"]
[Site "Ffm-Kalbach, LAZ"]
[Date "2005.05.09"]
[Round "3"]
[White "Calvi, Stefan"]
[Black "Noble, Fabian"]
[Result "0-1"]
[WhiteElo "1979"]
[BlackElo "1728"]
[PlyCount "102"]
[EventDate "2005.??.??"]

1. e4 d6 2. d4 Nf6 3. Nc3 c6 4. f4 Qa5 5. Bd3 b5 6. Bd2 b4 7. Nce2 Qb6 8. Nf3
e6 9. O-O Ba6 10. Kh1 d5 11. e5 Nfd7 12. Bxa6 Nxa6 13. Ng3 g6 14. c3 c5 15. Qe2
c4 16. h4 Qb7 17. h5 Nb6 18. Ng5 Na4 19. Rab1 b3 20. a3 Qd7 21. Rf2 Nc7 22. Qf3
Nb5 23. Bc1 Kd8 24. Nf1 Kc7 25. Nh2 h6 26. Nh3 Be7 27. g4 a5 28. Nf1 Rag8 29.
Ng3 Bh4 30. Rg2 Bxg3 31. Rxg3 Qe8 32. Nf2 gxh5 33. gxh5 Rxg3 34. Qxg3 Rg8 35.
Qf3 Qe7 36. Qh3 Qf8 37. Bd2 Qg7 38. Qh2 Qg3 39. Qxg3 Rxg3 40. Kh2 Rg8 41. Kh3
Nxb2 42. Rxb2 Nxa3 43. Ng4 a4 44. Nxh6 Rh8 45. f5 Nb5 46. fxe6 fxe6 47. Bc1 a3
48. Rf2 Rxh6 49. Kg4 Rh8 50. Kg5 Rg8+ 51. Kf6 Rf8+ 0-1

[Event "Frankfurt Ch 2005"]
[Site "Ffm-Kalbach, LAZ"]
[Date "2005.05.09"]
[Round "3"]
[White "Karsten, Heinrich"]
[Black "Enders, Georg"]
[Result "1-0"]
[WhiteElo "1975"]
[BlackElo "1707"]
[PlyCount "97"]
[EventDate "2005.??.??"]

1. c4 e5 2. g3 Nf6 3. Bg2 c6 4. Nc3 d6 5. e4 Be6 6. b3 Be7 7. Nge2 Bg4 8. O-O
Qd7 9. d4 exd4 10. Qxd4 Na6 11. Ba3 O-O 12. Rad1 Rfd8 13. Rd2 Ne8 14. e5 Bxe2
15. Nxe2 Qc7 16. exd6 Nxd6 17. Qb2 Bf6 18. Qc2 Rd7 19. Rfd1 Rad8 20. Bh3 c5 21.
Bxd7 Rxd7 22. Nc3 Bd4 23. Nd5 Qd8 24. Bb2 Bxb2 25. Qxb2 Nb8 26. Kg2 Nc6 27. Nf4
Nd4 28. Re1 Qf6 29. Qc3 Kf8 30. Nd5 Qg6 31. f3 N6f5 32. Re4 h5 33. Rd3 Nd6 34.
Rexd4 cxd4 35. Qxd4 h4 36. Nf4 Qg5 37. c5 hxg3 38. cxd6 gxh2+ 39. Kxh2 Qh4+ 40.
Nh3 Qh6 41. Qc5 Qf6 42. f4 g6 43. Qe5 Kg7 44. Kg3 b6 45. Kf3 a6 46. Ke4 b5 47.
Nf2 Rd8 48. Ng4 Qxe5+ 49. Kxe5 1-0

[Event "Frankfurt Ch 2005"]
[Site "Ffm-Kalbach, LAZ"]
[Date "2005.05.09"]
[Round "3"]
[White "Larem, Peter"]
[Black "Richter, Thomas"]
[Result "1-0"]
[WhiteElo "1724"]
[BlackElo "1953"]
[PlyCount "87"]
[EventDate "2005.??.??"]

1. e4 g6 2. d4 Bg7 3. Nc3 c6 4. f4 d5 5. e5 h5 6. Nf3 Nh6 7. Bd3 Bf5 8. O-O e6
9. Ne2 Nd7 10. Ng5 Bf8 11. Ng3 Bxd3 12. Qxd3 h4 13. Ne2 Nf5 14. c4 dxc4 15.
Qxc4 Nb6 16. Qd3 Be7 17. Bd2 Qd7 18. Bc3 Rd8 19. Rad1 Nd5 20. Rf3 Nxf4 21. Rxf4
Bxg5 22. Rf3 Qd5 23. a3 Kf8 24. Rdf1 Rd7 25. g4 hxg3 26. Nxg3 Nh4 27. R3f2 Rh7
28. Ne4 Qxe5 29. dxe5 Rxd3 30. Nxg5 Rh8 31. Rxf7+ Ke8 32. Rxb7 Rh5 33. Nxe6
Nf3+ 34. Kg2 Rxh2+ 35. Kg3 Nd2+ 36. Kxh2 Nxf1+ 37. Kg1 Ng3 38. Rxa7 Ne2+ 39.
Kf2 Nxc3 40. bxc3 Rxc3 41. Ng7+ Kf8 42. e6 Rxa3 43. Rxa3 Kxg7 44. Ra7+ 1-0

[Event "Frankfurt Ch 2005"]
[Site "Ffm-Kalbach, LAZ"]
[Date "2005.05.09"]
[Round "3"]
[White "Willems, Matthias"]
[Black "Liebske, Erwin"]
[Result "1-0"]
[WhiteElo "1936"]
[BlackElo "1702"]
[PlyCount "111"]
[EventDate "2005.??.??"]

1. d4 e6 2. Nf3 Nf6 3. c4 d5 4. Bg5 Be7 5. e3 Nbd7 6. Nc3 h6 7. Bh4 O-O 8. Rc1
c6 9. Bd3 Re8 10. O-O Bd6 11. Qc2 Qc7 12. cxd5 exd5 13. Nb5 Qb8 14. Nxd6 Qxd6
15. Bg3 Qe7 16. h3 Ne4 17. Bh2 Ndf6 18. Ne5 Ng5 19. Kh1 Nd7 20. a4 Nxe5 21.
dxe5 f6 22. Bg6 Rf8 23. Qc5 Qe6 24. Qd6 Nf7 25. Qxe6 Bxe6 26. exf6 gxf6 27. a5
a6 28. Bxf7+ Rxf7 29. Rfd1 Bf5 30. Bf4 Kg7 31. Rd4 Re8 32. f3 h5 33. h4 Rfe7
34. Kg1 Kf7 35. Kf2 Rg8 36. g3 Rge8 37. Rc3 Bc8 38. Ke2 Bf5 39. Rc1 Rg8 40. Kd2
Ke8 41. Kc3 Rgg7 42. Kb4 Bg6 43. Re1 f5 44. Kc5 Re6 45. Bg5 Rd7 46. Rc1 Bh7 47.
Rc3 Rc7 48. Rb3 Kd7 49. Bf4 Kc8 50. Bxc7 Kxc7 51. Rdb4 Bg6 52. Rxb7+ Kd8 53.
Ra7 Kc8 54. Rxa6 Be8 55. Ra8+ Kc7 56. a6 1-0